Küldöttségjárás a torony alatt
Elmentve itt :
| Dokumentumtípus: | Cikk |
|---|---|
| Megjelent: |
1928-06-10
|
| Sorozat: | Délmagyarország
4 No. 130 |
| Kulcsszavak: | Somogyi Szilveszter, Nyugdíjasok Szeged 1928 |
| Online Access: | http://dmarchiv.bibl.u-szeged.hu/46562 |
| LEADER | 00435nab a2200145 i 4500 | ||
|---|---|---|---|
| 001 | delm46562 | ||
| 005 | 20180927131858.0 | ||
| 008 | 180927s1928 hu o 0|| hun d | ||
| 040 | |a SZTE Délmagyarország Archívum |b hun | ||
| 041 | |a hun | ||
| 245 | 0 | 0 | |a Küldöttségjárás a torony alatt |h [elektronikus dokumentum] |
| 260 | |c 1928-06-10 | ||
| 300 | |a 4 | ||
| 490 | 0 | |a Délmagyarország |v 4 No. 130 | |
| 695 | |a Somogyi Szilveszter, Nyugdíjasok Szeged 1928 | ||